1791 1783 1780 1608 1197 1822 1843 1056 1372 1731 1268 1257 1117 1949 1010 1029 1504 1560 1935 1888 1125 1638 1953 1823 1593 1016 1913 1280 1195 1348 1986 1007 1190 1775 1734 1255 1371 1828 1587 1650 1205 1041 1940 1147 1551 1342 1873 1027 1916 1187 1463 1509 1335 1159 1988 1102 1475 1310 1466 1551 1953 1554 1241 1888 1383 1808 1517 1681 1654 1776 1649 1835 1022 1538 1601 1507 1981 1379 1643 1380 1342 1873 1504 1713 1393 1800 1366 1165 1778 1879 1792 1934 1447 1995 1580 1116 1561 1782 1541 BCNSPRNW ULIB Ver.6.0+V

เปลี่ยนเป็นภาษาไทย

Change to English
 แสดงรายละเอียดบรรณานุกรม
  กลับหน้าหลัก

Brief Record : Get Marc (ISO 2709) : E-mail record : QR code < ปิดหน้าต่าง
LEADER : 00000nam 2200000uu 4500
001    13399129199
003     ULIB
008    260511s2568||||th 000 0 tha d
020 ^  ^a9789740343783
060 0  ^aWY106^bป571ร
100 ^  ^aปาหนัน กนกวงศ์นุวัฒน์
245 1  ^aระบบสุขภาพยุคใหม่กับการพยาบาลชุมชนในยุคดิจิทัล /^cปาหนัน กนกวงศ์นุวัฒน์.
250 ^  ^aพิมพ์ครั้งที่ 1.
260 ^  ^aกรุงเทพฯ :^bสำนักพิมพ์จุฬาลงกรณ์มหาวิทยาลัย,^c2568
300 ^  ^a144 หน้า ;^c26 ซม
505 2  ^aแนวคิดระบบสุขภาพ -- แนวโน้มของสังคมที่ส่งผลต่อพยาบาลชุมชน -- นโยบายแผนพัฒนาสุขภาพและกฎหมายที่เกี่ยวข้อง -- ทักษะดิจิทัลสำหรับพยาบาลชุมชน -- การเตรียมความพร้อมของพยบาลชุมชนในยุคดิจิทัล.
650 ^  ^aการพยาบาลอนามัยชุมชน.
650 ^  ^aบริการอนามัยชุมชน.
999    ^aประนอม เกษจรัล
รายการนี้ยังไม่มีแท็ก
คุณยังไม่ได้ล็อกอิน คุณสามารถมีกิจกรรมร่วมกับเว็บไซต์ได้ แต่ต้องล็อกอินก่อน ::
  ล็อกอิน

รายการสื่อสารสนเทศ

ลำดับที่ ประเภท เลขเรียก/บาร์โค้ด สถานที่ สถานะ
1. Book การพยาบาล
หนังสือสำรอง
สถานะ=หนังสือสำรอง
WY106 ป571ร ฉ.1 
  Barcode: 012128
ห้องสมุดวิทยาเขตสวรรค์ประชารักษ์
►หนังสือทั่วไป
บนชั้น
2. Book การพยาบาล
Book การพยาบาล
WY106 ป571ร ฉ.2 
  Barcode: 012129
ห้องสมุดวิทยาเขตสวรรค์ประชารักษ์
►หนังสือทั่วไป
บนชั้น
3. Book การพยาบาล
Book การพยาบาล
WY106 ป571ร ฉ.3 
  Barcode: 012130
ห้องสมุดวิทยาเขตสวรรค์ประชารักษ์
►หนังสือทั่วไป
บนชั้น
4. Book การพยาบาล
Book การพยาบาล
WY106 ป571ร ฉ.4 
  Barcode: 012131
ห้องสมุดวิทยาเขตสวรรค์ประชารักษ์
►หนังสือทั่วไป
บนชั้น
5. Book การพยาบาล
Book การพยาบาล
WY106 ป571ร ฉ.5 
  Barcode: 012132
ห้องสมุดวิทยาเขตสวรรค์ประชารักษ์
►หนังสือทั่วไป
บนชั้น

รายการใกล้เคียง
    ผู้แต่ง [ปาหนัน กนกวงศ์นุวัฒน์]

    หัวเรื่อง [การพยาบาลอนามัยชุมชน.]
    หัวเรื่อง [บริการอนามัยชุมชน.]

BibComment


ยังไม่เคยถูกคอมเมนท์

คอมเมนท์ทรัพยากรรายการนี้
  คอมเมนท์: ระบบสุขภาพยุคใหม..


 Copyright 2026. Bcnsprnw @Library